The Walking Dead Characters - Statistics

General Stats
  • This quiz has been taken 31 times
  • The average score is 26 of 34
Answer Stats
Episodes Name % Correct
77 Carl
100%
91 Daryl
100%
67 Glenn
100%
77 Maggie
100%
97 Rick
100%
78 Carol
96%
19 Shane
96%
33 Hershel
92%
72 Michonne
92%
29 Abraham
88%
38 Beth
88%
52 Judith
88%
30 Lori
88%
22 Negan
88%
52 Rosita
84%
45 Sasha
84%
23 Tyreese
84%
45 Eugene
80%
30 Aaron
72%
16 Dale
72%
17 Jesus
72%
31 Andrea
68%
20 T-Dog
68%
15 Ezekiel
64%
35 Gabriel
64%
34 Morgan
64%
46 Tara
64%
17 Bob
60%
18 Governor
56%
22 Dwight
52%
27 Enid
48%
15 Spencer
48%
18 Jerry
32%
24 Tobin
24%
No matching quizzes found
Score Distribution
Percent of People with Each Score
Percentile by Number Answered
Your Score History
You have not taken this quiz